01135nab a22002537a 4500003000400000005001700004008004100021040000700062100002100069245008400090260007300174300001300247500003500260505020900295505008100504650001800585650001800603650001700621650002600638650002600664650002800690650001400718773014900732OSt20260204115523.0190429b xxu||||| |||| 00| 0 spa d cPJ aSotile, Patricia13a Abuso sexual coactivo en contexto de violencia económica /cPatricia Sotile. cCiudad Autónoma de Buenos Aires :aThomson Reuters La Ley, b2024. ap. 85-93 aCita Online: AR/DOC/2947/2023. aSumario: I. Introducción. Hechos del caso.— II. Abuso sexual coactivo en contexto de violencia de género.— III. Violencia económica. Su regulación, alcance y comprensión.— V. Conclusión. tSi te interesa el texto completo, solicitalo a koha@justierradelfuego.gov.ar 0aDERECHO PENAL 0aPROCESO PENAL 0aABUSO SEXUAL 0aVIOLENCIA DE GÉNERO 0aVIOLENCIA ECONÓMICA 0aPERSPECTIVA DE GÉNERO 0aCÓNYUGE0 02658tRevista de derecho penal y criminología. Nº 2 - Marzo 2024dCiudad Autónoma de Buenos Aires : Thomson Reuters La Ley, 2017-x00347914